| 000 | 01058cam a2200313 a 4500 | ||
|---|---|---|---|
| 001 | 2197 | ||
| 005 | 20231110111547.0 | ||
| 020 | _a0060269855 | ||
| 020 | _a0060269863 (lib. bdg.) | ||
| 040 |
_aDLC _cDLC _dDLC _beng |
||
| 050 | 0 | 0 |
_aPZ7.C8615 _bPl 1996 |
| 082 | 0 | 0 |
_a813.54 _220 |
| 100 | 1 | _aCreech, Sharon | |
| 245 | 1 | 0 |
_aPleasing the ghost / _cby Sharon Creech ; [illustrated by Stacey Schuett]. |
| 250 | _aRevised paperback edition, 2013 | ||
| 260 |
_aNew York : _bHarperCollins, _c1996 |
||
| 300 |
_a89 pages : _billustrations _c19 cm |
||
| 505 | _aH | ||
| 520 | _aNine-year-old Dennis, whose uncle and father died within a year of one another, is visited by the ghost of his uncle, and together they settle some unfinished business. | ||
| 521 |
_a520 _bLexile |
||
| 521 |
_aH _bRaz-Plus |
||
| 650 | 1 |
_aGhosts _xFiction. |
|
| 650 | 1 |
_aUncles _xFiction. |
|
| 650 | 1 |
_aAunts _xFiction. |
|
| 650 | 1 |
_aCommunication _xFiction. |
|
| 700 | 1 |
_aSchuett, Stacey _eillustrator |
|
| 906 |
_a7 _bcbc _corignew _d1 _eocip _f19 _gy-gencatlg |
||
| 942 |
_2ddc _cBK _n0 |
||
| 999 |
_c2197 _d2197 |
||